000 00859cab a2200241 4500
001 ABS44652
008 090401t1991 xxu||||| |||| 00| 0 eng d
035 _a(Sirsi) u48242
041 _aeng
100 _aWalker, T.
245 _aConfrontation conservation
260 _c1991
350 _a0
490 _aPlanning (for the Natural and Built Environment)
_v(922) 14 June 1991, 14-15(2)
520 _aExamines the problems and confrontations which may arise between developers, planners and conservationists when developments are proposed which affect listed buildings and points out ways in which they can be overcome.
650 _aCONSERVATION AREAS
650 _aIMMUNITY CERTIFICATES
650 _aBUILT ENVIRONMENT-BUILDING MAINTENANCE AND REFURBISHMENT
650 _aSPOT LISTING
690 _aCON
942 _n0
948 _c04/03/1997
999 _c30306
_d30306